<?xml version="1.0" encoding="UTF-8"?>
<collection xmlns="http://www.loc.gov/MARC21/slim">
<record>
  <controlfield tag="001">166093</controlfield>
  <controlfield tag="005">20260127091753.0</controlfield>
  <datafield tag="020" ind1=" " ind2=" ">
    <subfield code="a">978-84-09-81750-4</subfield>
  </datafield>
  <datafield tag="024" ind1="7" ind2=" ">
    <subfield code="2">doi</subfield>
    <subfield code="a">10.26754/uz.978-84-09-81750-4</subfield>
  </datafield>
  <datafield tag="037" ind1=" " ind2=" ">
    <subfield code="a">BOOK-2026-061</subfield>
  </datafield>
  <datafield tag="041" ind1=" " ind2=" ">
    <subfield code="a">spa</subfield>
  </datafield>
  <datafield tag="100" ind1=" " ind2=" ">
    <subfield code="a">Vicerrectorado de Política Académica de la Universidad de Zaragoza (coord.)</subfield>
  </datafield>
  <datafield tag="245" ind1=" " ind2=" ">
    <subfield code="a">Libro de Resúmenes de las XVIII Jornadas de Innovación Docente e Investigación Educativa UZ, Zaragoza, 15 y 16 enero de 2026</subfield>
  </datafield>
  <datafield tag="260" ind1=" " ind2=" ">
    <subfield code="a">Zaragoza</subfield>
    <subfield code="b">Universidad de Zaragoza</subfield>
    <subfield code="c">2025</subfield>
  </datafield>
  <datafield tag="300" ind1=" " ind2=" ">
    <subfield code="a">332</subfield>
  </datafield>
  <datafield tag="520" ind1=" " ind2=" ">
    <subfield code="a">La Universidad de Zaragoza, a través del Vicerrectorado de Política Académica, el Vicerrectorado de Estrategia Digital e Inteligencia Artificial y el Centro de Innovación, Formación e Investigación en Ciencias de la Educación (CIFICE), organiza las XVIII Jornadas de Innovación e Investigación Educativa, que se celebrarán los días 15 y 16 de enero de 2026 en el edificio Paraninfo, bajo el lema de Nuevas realidades en la innovación docente universitaria. Desde este eje analizaremos líneas futuras de desarrollo y las necesidades específicas que plantea su potenciación, mediante la puesta en común de experiencias, estudios y reflexiones realizados con ámbitos socioeducativos y científicos, incluyendo la prevención de violencia y favoreciendo la igualdad. Para ello, en esta edición, contaremos con la colaboración y participación activa del Departamento de Empleo, Ciencia y Universidades y de Educación, Cultura y Deporte del Gobierno de Aragón así como del Servicio de apoyo a emprendedores de la Confederación de Empresarios de Aragón, el Ministerio de Igualdad, el Pacto de Estado contra la violencia de género y el Instituto Aragonés de la Mujer. Esta colaboración podrá servir de punto de conexión y de creación de futuras sinergias entre profesionales e investigadores de los diferentes ámbitos. Durante las jornadas se construirá conocimiento a través de múltiples visiones expertas, por medio de mesas redondas y de espacios de comunicaciones en los que se presentarán trabajos de innovación en fase de implementación o ya finalizados.</subfield>
  </datafield>
  <datafield tag="856" ind1="0" ind2=" ">
    <subfield code="f">lplumed@unizar.es</subfield>
  </datafield>
  <datafield tag="856" ind1="4" ind2=" ">
    <subfield code="u">http://zaguan.unizar.es/record/166093/files/BOOK-2026-061.pdf</subfield>
    <subfield code="z">Texto completo</subfield>
    <subfield code="s">12390789</subfield>
  </datafield>
  <datafield tag="909" ind1="C" ind2="O">
    <subfield code="o">oai:zaguan.unizar.es:166093</subfield>
    <subfield code="p">books</subfield>
  </datafield>
  <datafield tag="980" ind1=" " ind2=" ">
    <subfield code="a">BOOK</subfield>
    <subfield code="b">CONYJOR</subfield>
  </datafield>
  <datafield tag="540" ind1=" " ind2=" ">
    <subfield code="9">info:eu-repo/semantics/openAccess</subfield>
  </datafield>
  <datafield tag="700" ind1=" " ind2=" ">
    <subfield code="a">Vicerrectorado de Estrategia Digital e Inteligencia Artificial de la Universidad de Zaragoza (coord.)</subfield>
  </datafield>
  <datafield tag="700" ind1=" " ind2=" ">
    <subfield code="a">Centro de Innovación, Formación e Investigación en Ciencias de la Educación de la Universidad de Zaragoza (coord.)</subfield>
  </datafield>
  <datafield tag="506" ind1=" " ind2=" ">
    <subfield code="a">by-nc-nd</subfield>
  </datafield>
</record>
</collection>